00318nam a22001217a 450000500170000002000230001703500120004003700130005210000200006524500480008526000360013330000270016920120601130531.0 a8179300978c400.00 aB-94436 aDPLbENG aNath, A.V. Prem aPolitical science /cby A.V. Prem Nath etc. aNew DelhibSpectrum Booksc2004 avarious pagesc22 cms.